Prehistoric Planet - Animals - Statistics

General Stats
  • This quiz has been taken 147 times
  • The average score is 23 of 63
Answer Stats
Answer % Correct
Tyrannosaurus
100%
Triceratops
75%
Velociraptor
75%
Mosasaurus
68%
Quetzalcoatlus
64%
Tarbosaurus
61%
Edmontosaurus
51%
Alamosaurus
49%
Hatzegopteryx
48%
Deinocheirus
47%
Carnotaurus
45%
Pachycephalosaurus
45%
Pachyrhinosaurus
45%
Nanuqsaurus
44%
Barbaridactylus
43%
Beelzebufo
43%
Therizinosaurus
43%
Dreadnoughtus
42%
Ornithomimus
42%
Zalmoxes
42%
Majungasaurus
40%
Tarchia
40%
Olorotitan
39%
Alcione
38%
Rajasaurus
38%
Tuarangisaurus
36%
Mononykus
35%
Masiakasaurus
34%
Phosphatodraco
34%
Simosuchus
34%
Atrociraptor
32%
Austroraptor
32%
Corythoraptor
32%
Pyroraptor
32%
Qianzhousaurus
32%
Tethydraco
32%
Kaikaifilu
31%
Pectinodon
31%
Xiphactinus
31%
Prenocephale
30%
Adalatherium
29%
Barsboldia
29%
Hesperornis
29%
Imperobator
29%
Isisaurus
29%
Nemegtosaurus
29%
Rapetosaurus
29%
Antarctopelta
27%
Kuru
27%
Tethyshadros
27%
Morrosaurus
26%
Dromaeosaurus
25%
Globidens
25%
Madtsoia
25%
Secernosaurus
25%
Shamosuchus
23%
Morturneria
22%
Phosphorosaurus
22%
Austroposeidon
19%
Sphenodiscus
19%
Baculites
18%
Diplomoceras
18%
Nostoceras
16%
No matching quizzes found
Score Distribution
Percent of People with Each Score
Percentile by Number Answered
Your Score History
You have not taken this quiz